Historia de la iglesia de Cristo / (Record no. 140097)

MARC details
000 -LEADER
campo de control de longitud fija 00566nam a2200169 4500
001 - NÚMERO DE CONTROL
campo de control 140097
003 - IDENTIFICADOR DE NÚMERO DE CONTROL
campo de control ES-MaACL
005 - FECHA Y HORA DE LA ÚLTIMA TRANSACCIÓN
campo de control 20230906200013.0
007 - CAMPO FIJO DE DESCRIPCIÓN FÍSICA--INFORMACIÓN GENERAL
campo de control de longitud fija t|
008 - DATOS DE LONGITUD FIJA--INFORMACIÓN GENERAL
campo de control de longitud fija 070214s1957 sp r ||||1| spa d
100 1# - ENTRADA PRINCIPAL--NOMBRE DE PERSONA
Nombre de persona Schuck, Hans.
9 (RLIN) 104738
245 10 - MENCIÓN DEL TÍTULO
Título Historia de la iglesia de Cristo /
Mención de responsabilidad, etc. narrada al pueblo católico por Juan Schuck ; completada para los últimos años por Guillermo Neuss.
260 ## - PUBLICACIÓN, DISTRIBUCIÓN, ETC.
Lugar de publicación, distribución, etc. San Sebastián :
Nombre del editor, distribuidor, etc. Dinor,
Fecha de publicación, distribución, etc. 1957.
300 ## - DESCRIPCIÓN FÍSICA
Extensión 734 p., 11 lám. ;
Dimensiones 21 cm.
700 1# - ENTRADA AGREGADA--NOMBRE PERSONAL
Nombre de persona Neuss, Guillermo.
9 (RLIN) 85458
852 ## - LOCALIZACIÓN
Ubicación ES-MaACL
Número de control de estantería C-12894
Sublocalización o colección R.40719
Holdings
Estatus retirado Estado de pérdida Estado de daño No para préstamo Biblioteca de origen Biblioteca actual Ubicación en estantería Fecha de adquisición Fuente de adquisición Total de préstamos Signatura topográfica completa Código de barras Visto por última vez Precio de reemplazo Tipo de ítem Koha
        Biblioteca del Ateneo de Madrid Biblioteca del Ateneo de Madrid Sala Palomar 17/01/2008     C-12894 1145789 23/02/2023 23/02/2023 Libro impreso